Referentes escolares de ESI : Educación Secundaria. Propuestas para abordar los NAP /

Este material reúne propuestas, recursos y actividades para abordar los Núcleos de Aprendizaje Prioritarios de Educación Sexual Integral para el Nivel Secundario, presentes en la Resolución 340/18 del Consejo Federal de Educación.

Guardado en:
Autor Corporativo: Argentina. Ministerio de Educación de la Nación.
Formato: Libro
Idioma:Undetermined
Publicado: Buenos Aires : Ministerio de Educación de la Nación, 2022.
Edición:2022.
Materias:
ESI
Acceso en línea:Clic aquí para acceder al texto en formato digital.
Etiquetas: Agregar Etiqueta
Sin Etiquetas, Sea el primero en etiquetar este registro!
LEADER 02954nam a22004335a 4500
001 CEM.cems020707
008 231129s2022####ag############000#0#und#d
005 20231205140353.0
245 1 0 |a Referentes escolares de ESI :  |b Educación Secundaria. Propuestas para abordar los NAP /  |c Ministerio de Educación de la Nación. 
250 |a 2022. 
260 |a Buenos Aires :  |b Ministerio de Educación de la Nación,  |c 2022. 
300 |a 176 p. 
500 |a Obra bajo licencia de derechos Creative Commons. 
505 0 |a Fundamentación -- Las violencias por motivos de género y su abordaje desde la ESI -- Masculinidades -- Distintas formas de ser mujer y ser varón -- Ciudadanía digital y sexualidad: uso seguro y responsable de internet -- Prevención del grooming -- Métodos anticonceptivos -- El embarazo no intencional en la adolescencia -- El derecho a la interrupción voluntaria del embarazo (IVE) en el marco de la ESI -- Distintas miradas sobre el aborto (como problema ético, de salud pública, moral, social, cultural y jurídico, etc.) -- Anexo normativo: Resolución CFE N°340/18 y anexo 
520 |a Este material reúne propuestas, recursos y actividades para abordar los Núcleos de Aprendizaje Prioritarios de Educación Sexual Integral para el Nivel Secundario, presentes en la Resolución 340/18 del Consejo Federal de Educación. 
020 |a 9789500014915 
110 2 |a Argentina. Ministerio de Educación de la Nación. 
653 |a Educación 
653 |a Educación Sexual Integral 
653 |a Derechos Humanos 
653 |a ESI 
653 |a Educación Secundaria 
653 |a Identidad de Género 
856 |u https://www.educ.ar/recursos/158251/referentes-escolares-de-esi-educacion-secundaria  |y Clic aquí para acceder al texto en formato digital. 
859 |a CEMS  |b BIB. CEMS - 11 de abril  |h 371.76  |i Ar37  |p 29664.23  |t Ej. 1  |3 I 
859 |a CEMS  |b BIB. CEMS - 11 de abril  |h 371.76  |i Ar37  |p 29663.23  |t Ej.2  |3 I 
859 |a CEMS  |b BIB. CEMS - 11 de abril  |h 371.76  |i Ar37  |p 29662.23  |t Ej.3  |3 I 
859 |a CEMS  |b BIB. CEMS  |h 371.76  |i Ar37  |p 29661.23  |t Ej.4  |3 I 
859 |a CEMS  |b BIB. CEMS - 11 de abril  |h 371.76  |i Ar37  |p 29660.23  |t Ej.5  |3 I 
859 |a CEMS  |b BIB. CEMS - 11 de abril  |h 371.76  |i Ar37  |p 629659.23  |t Ej.6  |3 I 
859 |a CEMS  |b BIB. CEMS - 11 de abril  |h 371.76  |i Ar37  |p 29658.23  |t Ej.7  |3 I 
859 |a CEMS  |b BIB. CEMS - 11 de abril  |h 371.76  |i Ar37  |p 29665.23  |t Ej.8  |3 I 
859 |a CEMS  |b BIB. CEMS - 11 de abril  |h 371.76  |i Ar37  |p 29666.23  |t Ej.9  |3 I 
859 |a CEMS  |b BIB. CEMS - 11 de abril  |h 371.76  |i Ar37  |p 29849.23  |t Ej.10  |3 I 
859 |a CEMS  |b BIB. CEMS - 11 de abril  |h 371.76  |i Ar37  |p 29850.23  |t Ej.11  |3 I 
859 |a CEMS  |b BIB. CEMS - 11 de abril  |h 371.76  |i Ar37  |p 29851.23  |t Ej.12  |3 I 
859 |a CEMS  |b BIB. CEMS - 11 de abril  |h 371.76  |i Ar37  |p 29852.23  |t Ej.13  |3 I 
859 |a CEMS  |b BIB. CEMS - 11 de abril  |h 371.76  |i Ar37  |p 29853.23  |t Ej.14  |3 I 
859 |a CEMS  |b BIB. CEMS - 11 de abril  |h 371.76  |i Ar37  |p 29854.23  |t Ej.15  |3 I